| 000 | 01012cam a22003373a 4500 | ||
|---|---|---|---|
| 001 | 203 | ||
| 003 | PGUSA | ||
| 005 | 20140828082945.0 | ||
| 008 | 060113s2006||||xxu|||||s|||||000 1 eng d | ||
| 040 |
_aPGUSA _beng |
||
| 042 | _adc | ||
| 050 | 4 | _aPS | |
| 100 | 1 |
_aStowe, Harriet Beecher, _d1811-1896 |
|
| 245 | 1 | 0 |
_aUncle Tom's Cabin _h[electronic resource] / _cHarriet Beecher Stowe |
| 260 |
_bProject Gutenberg, _c2006 |
||
| 506 | _aPublic domain in the USA. | ||
| 516 | _aElectronic text | ||
| 653 | _aFugitive slaves -- Fiction | ||
| 653 | _aPlantation life -- Fiction | ||
| 653 | _aUncle Tom (Fictitious character) -- Fiction | ||
| 653 | _aSouthern States -- Fiction | ||
| 653 | _aSlaves -- Fiction | ||
| 653 | _aPolitical fiction | ||
| 653 | _aSlavery -- Fiction | ||
| 653 | _aMaster and servant -- Fiction | ||
| 653 | _aAfrican Americans -- Fiction | ||
| 653 | _aDidactic fiction | ||
| 830 | 0 |
_aProject Gutenberg _v203 |
|
| 856 | 4 | 0 | _uhttp://www.gutenberg.org/ebooks/203 |
| 942 | _cEB | ||
| 999 |
_c229556 _d229556 |
||